Simulácia spektier žiarenia gama pomocou kódu MCNP : Diplomová práca /
Guardado en:
| Autor principal: | |
|---|---|
| Otros Autores: | |
| Formato: | Manuscrito Libro |
| Publicado: |
Bratislava :
STU v Bratislave FEI,
1997
|
| Materias: | |
| Etiquetas: |
Sin Etiquetas, Sea el primero en etiquetar este registro!
|
MARC
| LEADER | 00000ntm a22000003a 4500 | ||
|---|---|---|---|
| 001 | stu9952 | ||
| 005 | 20160719164945.5 | ||
| 008 | 970630s1997----------------------------d | ||
| 040 | |a STU |b slo | ||
| 041 | 0 | ||
| 100 | 1 | |a Maňovský, Rastislav |4 aut | |
| 245 | 1 | |a Simulácia spektier žiarenia gama pomocou kódu MCNP : |b Diplomová práca / |c [aut.] Maňovský,Rastislav; Škol. Krnáč,řtefan | |
| 260 | |a Bratislava : |b STU v Bratislave FEI, |c 1997 | ||
| 300 | |a 53 s | ||
| 650 | 7 | |a elektromateriálové inžinierstvo |2 stusub | |
| 700 | 1 | |a Krnáč, Štefan, |d 1959- |4 ths |u E060 |U FEI Fakulta elektrotechniky a informatiky |T FEI Ústav jadrového a fyzikálneho inžinierstva |X 1794 |U E060 |Y 817 |7 A000001794 | |